[Event "Women's World Team Chess Championship"]
[Site "Khanty-Mansiysk, RUS."]
[Date "2017.06.25"]
[Round "8.8"]
[White "Fataliyeva Ulviyya (AZE)"]
[Black "Gorti Akshita (USA)"]
[Result "1-0"]
[BlackElo "2240"]
[WhiteElo "2341"]
[LiveChessVersion "1.4.8"]

1. e4 {[%clk 1:30:59]} e6 {[%clk 1:30:50]} 2. d4 {[%clk 1:31:26]} d5
{[%clk 1:31:11]} 3. exd5 {[%clk 1:31:54]} exd5 {[%clk 1:31:27]} 4. Nf3
{[%clk 1:32:22]} Bd6 {[%clk 1:31:42]} 5. c4 {[%clk 1:32:46]} Nf6 {[%clk 1:31:40]}
6. Qe2+ {[%clk 1:32:24]} Be7 {[%clk 1:27:16]} 7. Qc2 {[%clk 1:27:41]} O-O
{[%clk 1:23:54]} 8. c5 {[%clk 1:28:04]} Re8 {[%clk 1:19:22]} 9. Be2
{[%clk 1:28:29]} b6 {[%clk 1:18:43]} 10. O-O {[%clk 1:27:39]} Ne4
{[%clk 1:07:00]} 11. Bd3 {[%clk 1:18:13]} Bf6 {[%clk 1:00:22]} 12. Bf4
{[%clk 1:11:52]} bxc5 {[%clk 0:57:36]} 13. Nc3 {[%clk 1:07:35]} Bb7
{[%clk 0:53:07]} 14. dxc5 {[%clk 0:57:39]} Bxc3 {[%clk 0:45:00]} 15. bxc3
{[%clk 0:57:53]} Nd7 {[%clk 0:44:29]} 16. Be3 {[%clk 0:55:03]} Qe7
{[%clk 0:43:25]} 17. Rab1 {[%clk 0:53:07]} Bc8 {[%clk 0:40:34]} 18. c6
{[%clk 0:43:39]} Ndc5 {[%clk 0:38:26]} 19. Bxc5 {[%clk 0:42:47]} Qxc5
{[%clk 0:37:46]} 20. Nd4 {[%clk 0:36:03]} h6 {[%clk 0:32:25]} 21. Rfe1
{[%clk 0:32:05]} Nd6 {[%clk 0:26:42]} 22. Rxe8+ {[%clk 0:28:53]} Nxe8
{[%clk 0:27:06]} 23. h3 {[%clk 0:18:10]} Nd6 {[%clk 0:23:37]} 24. Rb3
{[%clk 0:15:07]} Be6 {[%clk 0:22:59]} 25. Qb2 {[%clk 0:13:08]} Re8
{[%clk 0:17:58]} 26. Rb8 {[%clk 0:10:36]} Bc8 {[%clk 0:14:58]} 27. Qb4
{[%clk 0:08:17]} Qxb4 {[%clk 0:14:59]} 28. Rxb4 {[%clk 0:08:06]} Be6
{[%clk 0:14:36]} 29. f4 {[%clk 0:05:49]} Kf8 {[%clk 0:10:00]} 30. Ra4
{[%clk 0:04:02]} Ra8 {[%clk 0:09:58]} 31. f5 {[%clk 0:04:00]} Bc8
{[%clk 0:10:21]} 32. Ra5 {[%clk 0:04:25]} Ke7 {[%clk 0:09:55]} 33. Rxd5
{[%clk 0:04:44]} Rb8 {[%clk 0:10:07]} 34. Ra5 {[%clk 0:04:58]} a6
{[%clk 0:10:13]} 35. c4 {[%clk 0:03:23]} Kf6 {[%clk 0:07:51]} 36. Ra3
{[%clk 0:01:21]} Ke5 {[%clk 0:05:06]} 37. Nf3+ {[%clk 0:01:24]} Kf4
{[%clk 0:04:48]} 38. c5 {[%clk 0:00:54]} Nxf5 {[%clk 0:04:09]} 39. Kf2
{[%clk 0:01:07]} Rb2+ {[%clk 0:02:49]} 40. Be2 {[%clk 0:31:32]} Ng3
{[%clk 0:32:20]} 41. Nd2 {[%clk 0:26:52]} Rxd2 {[%clk 0:26:13]} 42. Rf3+
{[%clk 0:27:09]} Ke4 {[%clk 0:25:17]} 43. Rxg3 {[%clk 0:27:31]} Rxa2
{[%clk 0:24:34]} 44. Rxg7 {[%clk 0:27:06]} Be6 {[%clk 0:23:47]} 45. Ke1
{[%clk 0:26:02]} a5 {[%clk 0:22:40]} 46. Bh5 {[%clk 0:26:17]} Ke3
{[%clk 0:20:36]} 47. Kd1 {[%clk 0:24:12]} Rf2 {[%clk 0:20:02]} 48. Rg3+
{[%clk 0:24:10]} Kd4 {[%clk 0:19:27]} 49. Ra3 {[%clk 0:22:30]} Kxc5
{[%clk 0:14:58]} 50. Rxa5+ {[%clk 0:22:28]} Kxc6 {[%clk 0:15:20]} 51. Bf3+
{[%clk 0:22:38]} Kb6 {[%clk 0:13:30]} 52. Rh5 {[%clk 0:23:02]} c5
{[%clk 0:13:04]} 53. Rxh6 {[%clk 0:23:26]} Kb5 {[%clk 0:13:14]} 54. Rh8
{[%clk 0:21:23]} Kb4 {[%clk 0:10:48]} 55. Ke1 {[%clk 0:18:34]} Ra2
{[%clk 0:10:04]} 56. Rb8+ {[%clk 0:15:43]} Kc3 {[%clk 0:09:46]} 57. h4
{[%clk 0:15:13]} Kd3 {[%clk 0:06:25]} 58. h5 {[%clk 0:15:29]} c4 {[%clk 0:04:21]}
59. h6 {[%clk 0:12:31]} c3 {[%clk 0:04:17]} 60. h7 {[%clk 0:07:21]} c2
{[%clk 0:01:29]} 61. Be4+ {[%clk 0:07:42]} Kxe4 {[%clk 0:00:54]} 62. Kd2
{[%clk 0:08:08]} Ra1 {[%clk 0:00:44]} 63. Kxc2 {[%clk 0:08:15]} Rh1
{[%clk 0:01:00]} 64. h8=Q {[%clk 0:08:36]} Rxh8 {[%clk 0:01:27]} 65. Rxh8
{[%clk 0:09:02]} Ke3 {[%clk 0:01:36]} 66. Rd8 {[%clk 0:05:48]} Kf2
{[%clk 0:01:18]} 67. Rd2+ {[%clk 0:06:11]} Kg3 {[%clk 0:01:45]} 68. Kd1
{[%clk 0:05:48]} Bc4 {[%clk 0:01:25]} 69. Ke1 {[%clk 0:05:57]} Bb5
{[%clk 0:01:10]} 70. Rd5 {[%clk 0:05:51]} Bc4 {[%clk 0:01:13]} 71. Rg5+
{[%clk 0:06:15]} Kf4 {[%clk 0:01:24]} 72. Rc5 {[%clk 0:06:19]} Be6
{[%clk 0:01:36]} 73. Kf2 {[%clk 0:06:46]} Kg4 {[%clk 0:01:52]} 74. Ra5
{[%clk 0:06:38]} Kf4 {[%clk 0:01:57]} 75. Ra4+ {[%clk 0:06:08]} Kg5
{[%clk 0:02:16]} 76. Ke3 {[%clk 0:06:29]} Bb3 {[%clk 0:02:20]} 77. Rb4
{[%clk 0:06:25]} Be6 {[%clk 0:02:43]} 78. Rd4 {[%clk 0:06:29]} Bb3
{[%clk 0:02:48]} 79. Rd8 {[%clk 0:06:11]} Be6 {[%clk 0:00:43]} 80. Ke4
{[%clk 0:06:35]} Kf6 {[%clk 0:00:46]} 81. Kf4 {[%clk 0:06:53]} Bb3
{[%clk 0:01:02]} 82. Rg8 {[%clk 0:06:10]} Bc2 {[%clk 0:00:59]} 83. g4
{[%clk 0:06:26]} Bg6 {[%clk 0:00:34]} 84. g5+ {[%clk 0:06:13]} Ke6
{[%clk 0:00:54]} 85. Rb8 {[%clk 0:06:12]} Kd5 {[%clk 0:00:50]} 86. Rb6
{[%clk 0:06:28]} Bc2 {[%clk 0:01:00]} 87. Rf6 {[%clk 0:04:16]} Bg6
{[%clk 0:01:03]} 88. Kf3 {[%clk 0:03:22]} Ke5 {[%clk 0:01:23]} 89. Ke3
{[%clk 0:03:43]} Bh5 {[%clk 0:00:58]} 90. Kd3 {[%clk 0:02:59]} Kd5
{[%clk 0:00:34]} 91. Kc3 {[%clk 0:03:22]} Kc5 1-0

[Event "Women's World Team Chess Championship"]
[Site "Khanty-Mansiysk, RUS."]
[Date "2017.06.25"]
[Round "8.9"]
[White "Harika Dronavalli (IND)"]
[Black "Pham Le Thao Nguyen (VIE)"]
[Result "1/2-1/2"]
[BlackElo "2344"]
[WhiteElo "2535"]
[LiveChessVersion "1.4.8"]

1. e4 {[%clk 1:30:56]} e5 {[%clk 1:30:47]} 2. Nf3 {[%clk 1:31:18]} Nc6
{[%clk 1:30:55]} 3. Bb5 {[%clk 1:31:36]} Nf6 {[%clk 1:30:55]} 4. d3
{[%clk 1:31:43]} Bc5 {[%clk 1:30:48]} 5. Bxc6 {[%clk 1:32:00]} dxc6
{[%clk 1:31:04]} 6. Nbd2 {[%clk 1:32:12]} O-O {[%clk 1:28:49]} 7. O-O
{[%clk 1:32:24]} Re8 {[%clk 1:27:59]} 8. Nc4 {[%clk 1:32:33]} Nd7
{[%clk 1:24:58]} 9. Kh1 {[%clk 1:32:45]} Bd6 {[%clk 1:22:08]} 10. Bg5
{[%clk 1:30:38]} f6 {[%clk 1:21:04]} 11. Be3 {[%clk 1:31:03]} Nf8
{[%clk 1:20:48]} 12. Nh4 {[%clk 1:30:19]} Be6 {[%clk 1:12:54]} 13. Nd2
{[%clk 1:22:21]} Qd7 {[%clk 1:11:22]} 14. Rg1 {[%clk 1:12:55]} Ng6
{[%clk 1:08:13]} 15. g3 {[%clk 1:07:59]} Nxh4 {[%clk 0:54:20]} 16. gxh4
{[%clk 1:08:23]} Kh8 {[%clk 0:54:17]} 17. f3 {[%clk 1:06:28]} Qf7
{[%clk 0:50:01]} 18. Qe1 {[%clk 1:03:59]} Qh5 {[%clk 0:47:42]} 19. Qg3
{[%clk 1:03:01]} Re7 {[%clk 0:46:03]} 20. Rg2 {[%clk 1:02:41]} Rf8
{[%clk 0:42:35]} 21. f4 {[%clk 0:41:54]} exf4 {[%clk 0:35:48]} 22. Bxf4
{[%clk 0:42:14]} Bxf4 {[%clk 0:35:20]} 23. Qxf4 {[%clk 0:42:39]} Qe5
{[%clk 0:34:42]} 24. Qxe5 {[%clk 0:41:04]} fxe5 {[%clk 0:35:08]} 25. Rf1
{[%clk 0:31:48]} Rxf1+ {[%clk 0:26:21]} 26. Nxf1 {[%clk 0:30:45]} Rf7
{[%clk 0:24:22]} 27. Ne3 {[%clk 0:18:29]} Kg8 {[%clk 0:18:38]} 28. b3
{[%clk 0:14:46]} Rf4 {[%clk 0:14:25]} 29. Kg1 {[%clk 0:07:57]} h6
{[%clk 0:12:41]} 30. h5 {[%clk 0:05:01]} Rh4 {[%clk 0:11:26]} 31. Rf2
{[%clk 0:03:54]} Rxh5 {[%clk 0:11:22]} 32. a4 {[%clk 0:03:45]} Rg5+
{[%clk 0:07:02]} 33. Kf1 {[%clk 0:03:39]} Rg6 {[%clk 0:06:53]} 34. Ke2
{[%clk 0:04:07]} Rf6 {[%clk 0:06:38]} 35. Rxf6 {[%clk 0:02:54]} gxf6
{[%clk 0:07:06]} 36. b4 {[%clk 0:03:07]} Kg7 {[%clk 0:06:39]} 37. a5
{[%clk 0:02:48]} Kg6 {[%clk 0:06:14]} 38. Kf3 {[%clk 0:03:14]} b6
{[%clk 0:04:53]} 39. c3 {[%clk 0:03:37]} Bd7 {[%clk 0:03:17]} 40. d4
{[%clk 0:33:40]} exd4 {[%clk 0:31:30]} 41. cxd4 {[%clk 0:34:06]} Kg5
{[%clk 0:20:12]} 42. Kg3 {[%clk 0:34:08]} h5 {[%clk 0:17:44]} 43. h4+
{[%clk 0:34:22]} Kg6 {[%clk 0:17:45]} 44. Kf4 {[%clk 0:34:03]} Kf7
{[%clk 0:16:42]} 45. Nf5 {[%clk 0:28:53]} Be6 {[%clk 0:13:44]} 46. e5
{[%clk 0:24:35]} fxe5+ {[%clk 0:08:45]} 47. Kxe5 {[%clk 0:24:56]} Bb3
{[%clk 0:07:01]} 48. Ng3 {[%clk 0:22:27]} Bd1 {[%clk 0:06:27]} 49. Nf5
{[%clk 0:18:28]} Ke8 {[%clk 0:05:25]} 50. Ng3 {[%clk 0:14:53]} Kd7
{[%clk 0:05:17]} 51. Ne4 {[%clk 0:15:00]} Bf3 {[%clk 0:04:16]} 52. Ng5
{[%clk 0:14:48]} Bg4 {[%clk 0:03:59]} 53. Ne4 {[%clk 0:15:13]} Kc8
{[%clk 0:03:51]} 54. Nf6 {[%clk 0:15:32]} Bd1 {[%clk 0:04:02]} 55. Kf5
{[%clk 0:08:52]} Kb7 {[%clk 0:04:04]} 56. Kg5 {[%clk 0:09:18]} bxa5
{[%clk 0:03:48]} 57. bxa5 {[%clk 0:09:44]} Ka6 {[%clk 0:04:12]} 58. Nxh5
{[%clk 0:10:08]} Kxa5 {[%clk 0:04:34]} 59. Nf6 {[%clk 0:10:29]} Kb4
{[%clk 0:04:23]} 60. Kf4 {[%clk 0:06:12]} a5 {[%clk 0:04:25]} 61. Ke3
{[%clk 0:06:41]} Kc3 {[%clk 0:02:24]} 62. Ne4+ {[%clk 0:05:45]} Kb2
{[%clk 0:02:20]} 63. Kd2 {[%clk 0:02:27]} Bc2 {[%clk 0:02:05]} 64. Nc3
{[%clk 0:02:48]} Bg6 {[%clk 0:02:25]} 65. Na4+ {[%clk 0:02:42]} Kb3
{[%clk 0:02:27]} 66. Nc5+ {[%clk 0:03:09]} Kc4 {[%clk 0:02:26]} 67. Kc1
{[%clk 0:03:36]} Kc3 {[%clk 0:02:21]} 68. Na4+ {[%clk 0:01:55]} Kxd4
{[%clk 0:02:22]} 69. Kb2 {[%clk 0:02:19]} c5 {[%clk 0:02:25]} 70. Nc3
{[%clk 0:02:46]} Be8 {[%clk 0:01:46]} 71. h5 {[%clk 0:01:34]} Bxh5
{[%clk 0:01:04]} 72. Nb5+ {[%clk 0:02:03]} Kd3 {[%clk 0:01:00]} 73. Nxc7
{[%clk 0:02:32]} Bf7 {[%clk 0:00:49]} 74. Nb5 {[%clk 0:02:51]} a4
{[%clk 0:00:45]} 75. Nd6 {[%clk 0:02:16]} Bb3 {[%clk 0:00:44]} 76. Ka3
{[%clk 0:02:16]} Kc2 {[%clk 0:00:45]} 77. Ne4 {[%clk 0:01:36]} c4
{[%clk 0:01:08]} 78. Nd6 {[%clk 0:02:03]} c3 {[%clk 0:01:08]} 79. Ne4
{[%clk 0:02:17]} Kd3 {[%clk 0:00:54]} 80. Nxc3 {[%clk 0:02:43]} 1/2-1/2

[Event "Women's World Team Chess Championship"]
[Site "Khanty-Mansiysk, RUS."]
[Date "2017.06.25"]
[Round "8.13"]
[White "Socko Monika (POL)"]
[Black "Ju Wenjun (CHN)"]
[Result "1/2-1/2"]
[BlackElo "2583"]
[WhiteElo "2485"]
[LiveChessVersion "1.4.8"]

1. d4 {[%clk 1:30:58]} Nf6 {[%clk 1:30:54]} 2. c4 {[%clk 1:31:25]} e6
{[%clk 1:31:13]} 3. Nc3 {[%clk 1:31:50]} Bb4 {[%clk 1:31:33]} 4. Qc2
{[%clk 1:32:17]} O-O {[%clk 1:31:41]} 5. e4 {[%clk 1:32:43]} d5 {[%clk 1:29:41]}
6. e5 {[%clk 1:33:09]} Ne4 {[%clk 1:29:20]} 7. Bd3 {[%clk 1:33:34]} c5
{[%clk 1:29:35]} 8. Nf3 {[%clk 1:32:30]} cxd4 {[%clk 1:29:02]} 9. Nxd4
{[%clk 1:32:52]} Nd7 {[%clk 1:29:28]} 10. Bf4 {[%clk 1:32:47]} Qh4
{[%clk 1:22:21]} 11. g3 {[%clk 1:32:51]} Qh5 {[%clk 1:22:45]} 12. O-O
{[%clk 1:31:21]} Bxc3 {[%clk 1:22:50]} 13. bxc3 {[%clk 1:31:16]} g5
{[%clk 1:22:48]} 14. cxd5 {[%clk 1:28:10]} exd5 {[%clk 1:23:04]} 15. e6
{[%clk 1:22:23]} gxf4 {[%clk 0:48:05]} 16. exd7 {[%clk 1:19:53]} Bxd7
{[%clk 0:48:20]} 17. Bxe4 {[%clk 1:18:25]} dxe4 {[%clk 0:48:47]} 18. Qxe4
{[%clk 1:17:20]} fxg3 {[%clk 0:49:15]} 19. fxg3 {[%clk 1:11:34]} b6
{[%clk 0:49:38]} 20. Nf5 {[%clk 0:47:07]} Rae8 {[%clk 0:49:04]} 21. Ne7+
{[%clk 0:35:38]} Kg7 {[%clk 0:49:25]} 22. Qd4+ {[%clk 0:30:29]} f6
{[%clk 0:49:47]} 23. Rfe1 {[%clk 0:28:02]} Qc5 {[%clk 0:37:39]} 24. Qxc5
{[%clk 0:27:08]} bxc5 {[%clk 0:38:05]} 25. Rad1 {[%clk 0:27:18]} Bg4
{[%clk 0:30:42]} 26. Rb1 {[%clk 0:27:21]} Rf7 {[%clk 0:28:42]} 27. Nd5
{[%clk 0:26:52]} Rd8 {[%clk 0:28:22]} 28. c4 {[%clk 0:24:25]} Bf3
{[%clk 0:27:45]} 29. Ne3 {[%clk 0:22:17]} Be4 {[%clk 0:21:58]} 30. Rb5
{[%clk 0:21:48]} Rc7 {[%clk 0:21:35]} 31. Rd1 {[%clk 0:21:31]} Rd4
{[%clk 0:18:53]} 32. Kf2 {[%clk 0:20:06]} Rcd7 {[%clk 0:07:30]} 33. Rxd4
{[%clk 0:20:15]} cxd4 {[%clk 0:07:57]} 34. Nd5 {[%clk 0:18:55]} f5
{[%clk 0:04:56]} 35. Ke2 {[%clk 0:14:36]} Kf7 {[%clk 0:04:51]} 36. Kd2
{[%clk 0:13:44]} Ke6 {[%clk 0:03:25]} 37. Nf4+ {[%clk 0:11:14]} Kd6
{[%clk 0:03:51]} 38. Nd3 {[%clk 0:09:04]} Rc7 {[%clk 0:04:00]} 39. Rb4
{[%clk 0:06:56]} Kc6 {[%clk 0:02:17]} 40. a3 {[%clk 0:36:25]} Re7
{[%clk 0:31:34]} 41. Ra4 {[%clk 0:35:22]} Rb7 {[%clk 0:25:50]} 42. Rb4
{[%clk 0:24:17]} Re7 {[%clk 0:21:26]} 43. Ra4 {[%clk 0:21:36]} Rb7
{[%clk 0:21:41]} 44. Rb4 {[%clk 0:22:01]} 1/2-1/2

[Event "Women's World Team Chess Championship"]
[Site "Khanty-Mansiysk, RUS."]
[Date "2017.06.25"]
[Round "8.14"]
[White "Tan Zhongyi (CHN)"]
[Black "Zawadzka Jolanta (POL)"]
[Result "1/2-1/2"]
[BlackElo "2426"]
[WhiteElo "2517"]
[LiveChessVersion "1.4.8"]

1. d4 {[%clk 1:30:57]} d5 {[%clk 1:30:52]} 2. c4 {[%clk 1:31:21]} e6
{[%clk 1:31:18]} 3. Nc3 {[%clk 1:31:42]} Bb4 {[%clk 1:31:43]} 4. e3
{[%clk 1:31:58]} Nf6 {[%clk 1:32:03]} 5. a3 {[%clk 1:31:54]} Bxc3+
{[%clk 1:32:24]} 6. bxc3 {[%clk 1:32:18]} c6 {[%clk 1:32:22]} 7. a4
{[%clk 1:31:16]} O-O {[%clk 1:25:10]} 8. Nf3 {[%clk 1:30:58]} b6 {[%clk 1:21:37]}
9. cxd5 {[%clk 1:30:42]} cxd5 {[%clk 1:20:27]} 10. Ba3 {[%clk 1:31:05]} Re8
{[%clk 1:20:48]} 11. Bb5 {[%clk 1:31:31]} Bd7 {[%clk 1:14:12]} 12. Bd3
{[%clk 1:31:50]} Nc6 {[%clk 1:12:59]} 13. O-O {[%clk 1:31:46]} e5
{[%clk 1:06:57]} 14. dxe5 {[%clk 1:32:05]} Nxe5 {[%clk 1:07:20]} 15. Nxe5
{[%clk 1:32:30]} Rxe5 {[%clk 1:07:45]} 16. a5 {[%clk 1:31:39]} Bc6
{[%clk 0:50:01]} 17. axb6 {[%clk 1:13:44]} axb6 {[%clk 0:50:24]} 18. Bb2
{[%clk 1:07:56]} Re8 {[%clk 0:40:22]} 19. Rxa8 {[%clk 0:58:05]} Qxa8
{[%clk 0:37:50]} 20. Qb3 {[%clk 0:55:51]} Qb7 {[%clk 0:25:48]} 21. Ra1
{[%clk 0:54:40]} Ne4 {[%clk 0:25:13]} 22. c4 {[%clk 0:49:33]} Nc5
{[%clk 0:23:00]} 23. Qc3 {[%clk 0:49:55]} f6 {[%clk 0:23:19]} 24. cxd5
{[%clk 0:37:04]} Bxd5 {[%clk 0:23:22]} 25. Bf1 {[%clk 0:37:26]} Rc8
{[%clk 0:21:05]} 26. Qb4 {[%clk 0:36:57]} Kh8 {[%clk 0:16:45]} 27. h3
{[%clk 0:34:32]} Be4 {[%clk 0:16:59]} 28. Bd4 {[%clk 0:33:36]} h6
{[%clk 0:14:01]} 29. f3 {[%clk 0:30:33]} Bd5 {[%clk 0:14:24]} 30. Rb1
{[%clk 0:29:33]} Ba2 {[%clk 0:08:28]} 31. Rb2 {[%clk 0:23:01]} Qa8
{[%clk 0:08:33]} 32. Rc2 {[%clk 0:19:56]} Qa7 {[%clk 0:07:39]} 33. Bd3
{[%clk 0:17:39]} Be6 {[%clk 0:06:45]} 34. Bg6 {[%clk 0:17:26]} Qc7
{[%clk 0:05:27]} 35. Qe1 {[%clk 0:15:42]} Qd6 {[%clk 0:04:38]} 36. Qh4
{[%clk 0:15:04]} Bb3 {[%clk 0:03:24]} 37. Rc1 {[%clk 0:13:04]} Qe7
{[%clk 0:03:06]} 38. e4 {[%clk 0:10:23]} Bf7 {[%clk 0:02:18]} 39. Qg4
{[%clk 0:07:13]} Be6 {[%clk 0:02:11]} 40. Qh5 {[%clk 0:37:31]} Qd8
{[%clk 0:31:12]} 41. Be3 {[%clk 0:35:56]} Kg8 {[%clk 0:26:37]} 42. e5
{[%clk 0:33:00]} Nd7 {[%clk 0:23:47]} 43. Rxc8 {[%clk 0:31:12]} Qxc8
{[%clk 0:24:10]} 44. exf6 {[%clk 0:30:19]} Nxf6 {[%clk 0:24:30]} 45. Qe5
{[%clk 0:26:43]} Nd5 {[%clk 0:20:37]} 46. Bd2 {[%clk 0:21:09]} Ne7
{[%clk 0:15:51]} 47. Be4 {[%clk 0:20:55]} Qc5+ {[%clk 0:16:03]} 48. Qxc5
{[%clk 0:21:18]} bxc5 {[%clk 0:16:31]} 49. Kf2 {[%clk 0:21:38]} Kf7
{[%clk 0:16:39]} 50. Bc1 {[%clk 0:19:30]} Nd5 {[%clk 0:15:39]} 51. Bxd5
{[%clk 0:19:37]} 1/2-1/2

[Event "Women's World Team Chess Championship"]
[Site "Khanty-Mansiysk, RUS."]
[Date "2017.06.25"]
[Round "8.15"]
[White "Szczepkowska Karina (POL)"]
[Black "Lei Tingjie (CHN)"]
[Result "0-1"]
[BlackElo "2488"]
[WhiteElo "2414"]
[LiveChessVersion "1.4.8"]

1. d4 {[%clk 1:30:55]} Nf6 {[%clk 1:30:47]} 2. c4 {[%clk 1:31:15]} e6
{[%clk 1:31:13]} 3. Nf3 {[%clk 1:31:33]} d5 {[%clk 1:31:36]} 4. Nc3
{[%clk 1:29:56]} c6 {[%clk 1:32:00]} 5. e3 {[%clk 1:27:30]} Nbd7 {[%clk 1:32:17]}
6. Qc2 {[%clk 1:24:59]} Bd6 {[%clk 1:32:42]} 7. Bd3 {[%clk 1:25:25]} O-O
{[%clk 1:33:07]} 8. O-O {[%clk 1:25:36]} dxc4 {[%clk 1:33:32]} 9. Bxc4
{[%clk 1:26:01]} b5 {[%clk 1:34:00]} 10. Be2 {[%clk 1:14:43]} Bb7
{[%clk 1:34:26]} 11. h3 {[%clk 1:11:07]} b4 {[%clk 1:30:46]} 12. Ne4
{[%clk 1:07:18]} Nxe4 {[%clk 1:27:23]} 13. Qxe4 {[%clk 1:07:34]} Nf6
{[%clk 1:21:27]} 14. Qc2 {[%clk 1:02:47]} c5 {[%clk 1:21:04]} 15. Rd1
{[%clk 0:54:58]} Rc8 {[%clk 1:11:22]} 16. Qa4 {[%clk 0:54:04]} a5
{[%clk 1:02:31]} 17. Ne5 {[%clk 0:50:01]} Bd5 {[%clk 0:55:27]} 18. Nc4
{[%clk 0:44:21]} Bxc4 {[%clk 0:54:49]} 19. Bxc4 {[%clk 0:44:41]} cxd4
{[%clk 0:55:16]} 20. Ba6 {[%clk 0:42:15]} Ra8 {[%clk 0:53:00]} 21. Be2
{[%clk 0:40:09]} dxe3 {[%clk 0:48:44]} 22. Bxe3 {[%clk 0:39:34]} Nd5
{[%clk 0:49:08]} 23. Bf3 {[%clk 0:33:26]} Nxe3 {[%clk 0:45:45]} 24. Bxa8
{[%clk 0:31:46]} Nxd1 {[%clk 0:44:50]} 25. Rxd1 {[%clk 0:31:56]} Qxa8
{[%clk 0:43:35]} 26. Rxd6 {[%clk 0:32:02]} Rc8 {[%clk 0:43:06]} 27. Qd7
{[%clk 0:30:20]} h6 {[%clk 0:38:58]} 28. Rd1 {[%clk 0:25:19]} Qa6
{[%clk 0:36:20]} 29. Rd3 {[%clk 0:23:42]} Qc4 {[%clk 0:32:35]} 30. a3
{[%clk 0:21:15]} Rc7 {[%clk 0:30:44]} 31. Qd8+ {[%clk 0:20:36]} Kh7
{[%clk 0:31:06]} 32. axb4 {[%clk 0:20:16]} axb4 {[%clk 0:30:46]} 33. Rd4
{[%clk 0:18:23]} Qc1+ {[%clk 0:30:17]} 34. Rd1 {[%clk 0:18:34]} Qc2
{[%clk 0:28:43]} 35. Rd2 {[%clk 0:18:08]} Qb1+ {[%clk 0:26:42]} 36. Kh2
{[%clk 0:18:32]} Rc1 {[%clk 0:22:24]} 37. Qd4 {[%clk 0:16:34]} b3
{[%clk 0:10:36]} 38. Rd3 {[%clk 0:15:42]} Rh1+ {[%clk 0:08:59]} 39. Kg3
{[%clk 0:16:11]} Qc2 {[%clk 0:07:40]} 40. f3 {[%clk 0:39:19]} f5 {[%clk 0:33:04]}
41. Rd2 {[%clk 0:36:00]} Qc1 {[%clk 0:19:26]} 42. f4 {[%clk 0:26:47]} Re1
{[%clk 0:17:34]} 43. Kh2 {[%clk 0:24:54]} Re4 {[%clk 0:16:00]} 44. Qf2
{[%clk 0:22:51]} Qc7 {[%clk 0:13:18]} 45. Rd3 {[%clk 0:22:56]} Rxf4
{[%clk 0:05:46]} 46. Qg3 {[%clk 0:23:14]} e5 {[%clk 0:05:53]} 47. Rxb3
{[%clk 0:21:48]} Rf1 {[%clk 0:06:10]} 48. Rc3 {[%clk 0:15:13]} Qd6
{[%clk 0:05:27]} 49. Qd3 {[%clk 0:14:40]} Qxd3 {[%clk 0:05:52]} 50. Rxd3
{[%clk 0:15:08]} e4 {[%clk 0:06:12]} 51. Rd5 {[%clk 0:14:44]} f4 {[%clk 0:05:49]}
52. Re5 {[%clk 0:14:24]} e3 {[%clk 0:06:14]} 53. b4 {[%clk 0:14:02]} g5
{[%clk 0:06:12]} 54. g3 {[%clk 0:12:44]} Kg6 {[%clk 0:06:17]} 55. gxf4
{[%clk 0:11:07]} gxf4 {[%clk 0:06:43]} 56. Kg2 {[%clk 0:10:58]} Rf2+
{[%clk 0:07:09]} 57. Kg1 {[%clk 0:11:23]} Rb2 {[%clk 0:07:35]} 58. Re6+
{[%clk 0:11:23]} Kf5 {[%clk 0:07:56]} 0-1

[Event "Women's World Team Chess Championship"]
[Site "Khanty-Mansiysk, RUS."]
[Date "2017.06.25"]
[Round "8.16"]
[White "Guo Qi (CHN)"]
[Black "Kulon Klaudia (POL)"]
[Result "1-0"]
[BlackElo "2381"]
[WhiteElo "2417"]
[LiveChessVersion "1.4.8"]

1. d4 {[%clk 1:30:57]} Nf6 {[%clk 1:30:56]} 2. c4 {[%clk 1:31:21]} g6
{[%clk 1:31:21]} 3. Nc3 {[%clk 1:31:46]} Bg7 {[%clk 1:31:46]} 4. e4
{[%clk 1:32:10]} d6 {[%clk 1:32:10]} 5. Nf3 {[%clk 1:32:33]} O-O 6. Be2
{[%clk 1:32:43]} e5 {[%clk 1:32:58]} 7. Be3 {[%clk 1:32:56]} exd4
{[%clk 1:33:12]} 8. Nxd4 {[%clk 1:33:01]} Re8 {[%clk 1:33:37]} 9. f3
{[%clk 1:32:52]} c6 {[%clk 1:34:03]} 10. Bf2 {[%clk 1:31:35]} d5 {[%clk 1:33:40]}
11. exd5 {[%clk 1:31:39]} cxd5 {[%clk 1:34:03]} 12. O-O {[%clk 1:32:02]} Nc6
{[%clk 1:33:49]} 13. c5 {[%clk 1:31:59]} Re5 {[%clk 1:23:42]} 14. Re1
{[%clk 1:23:10]} Nh5 {[%clk 1:00:03]} 15. Qd2 {[%clk 1:11:30]} Qg5
{[%clk 0:49:18]} 16. Qxg5 {[%clk 1:11:22]} Rxg5 {[%clk 0:49:47]} 17. h4
{[%clk 0:57:05]} Re5 {[%clk 0:45:29]} 18. Ndb5 {[%clk 0:54:27]} Bd7
{[%clk 0:34:35]} 19. Rad1 {[%clk 0:45:24]} Nb4 {[%clk 0:22:58]} 20. Nc7
{[%clk 0:44:12]} Rc8 {[%clk 0:20:09]} 21. N7xd5 {[%clk 0:44:11]} Nxd5
{[%clk 0:17:22]} 22. Rxd5 {[%clk 0:38:46]} Re7 {[%clk 0:14:51]} 23. Red1
{[%clk 0:34:26]} Be8 {[%clk 0:09:16]} 24. Bc4 {[%clk 0:32:08]} Rec7
{[%clk 0:04:33]} 25. Rd8 {[%clk 0:30:44]} Bf8 {[%clk 0:03:56]} 26. b4
{[%clk 0:29:53]} b6 {[%clk 0:03:29]} 27. Ba6 {[%clk 0:29:27]} Rxd8
{[%clk 0:03:21]} 28. Rxd8 {[%clk 0:29:51]} Re7 {[%clk 0:01:58]} 29. Nd5
{[%clk 0:27:55]} Re5 {[%clk 0:01:20]} 30. Bd4 {[%clk 0:24:21]} Re1+
{[%clk 0:01:31]} 31. Kf2 {[%clk 0:24:47]} Rd1 {[%clk 0:01:47]} 32. Rxe8
{[%clk 0:25:09]} Rxd4 {[%clk 0:02:06]} 33. c6 {[%clk 0:25:35]} Rxd5
{[%clk 0:01:52]} 34. c7 {[%clk 0:26:00]} Rd2+ {[%clk 0:02:14]} 35. Re2
{[%clk 0:25:59]} Rd1 {[%clk 0:01:12]} 36. c8=Q {[%clk 0:26:15]} Kg7
{[%clk 0:01:37]} 37. Qc3+ {[%clk 0:26:32]} Kh6 {[%clk 0:01:30]} 38. Rd2
{[%clk 0:26:31]} Rb1 {[%clk 0:01:49]} 39. a3 {[%clk 0:26:38]} Be7
{[%clk 0:01:41]} 40. Qe3+ {[%clk 0:57:02]} 1-0